000 00594nam a2200181 i 4500
001 47240
003 ES-MaACL
005 20230906161527.0
007 t|
008 030404s1936 mx ||||1| spa d
100 1 _aCook, Katherine M.
_940349
245 1 3 _aLa casa del pueblo
_b: un relato acerca de las escuelas nuevas de acción de México /
_cpor Katherine M. Cook ; traducción de Rafael Ramírez.
260 _aMéxico :
_b[s.n.],
_c1936.
300 _a157 p. ;
_c23 cm.
650 4 _aEducación-
_zMéxico.
_9162065
700 1 _aRamírez, Rafael.
_995107
852 _aES-MaACL
_j1821-F-1
999 _c47240
_d47240